Statystyki dla 10 najzimniejszych stanów USA

Kliknij tutaj aby rozwiązać quiz!

Ogólne statystyki

  • Ten quiz został rozwiązany 114 razy
  • Średni wynik to 6 z 10

Statystyki odpowiedzi

°FStan% Poprawnych
28.2Alaska
88%
42.9Montana
68%
41.4Dakota Północna
67%
42.0Maine
64%
42.1Minnesota
57%
44.1Idaho
53%
44.2New Hampshire
46%
44.2Wisconsin
43%
42.6Wyoming
41%
43.3Vermont
40%

Rozkład punktacji

Percentyl według liczby udzielonych odpowiedzi

Procent ludzi z każdym wynikiem

Twoja historia wyników

Nie rozwiązałeś tego quizu